| 000 | 00342nam a22001457a 4500 | ||
|---|---|---|---|
| 008 | 221212b ||||| |||| 00| 0 eng d | ||
| 020 | _a9780324376555 | ||
| 041 | _aeng | ||
| 080 |
_2FOURTH EDITION _a330.101 |
||
| 082 | _a330.101MAN | ||
| 100 | _a23.1 | ||
| 101 | _aECO | ||
| 245 |
_aESSENTIALS OF ECONOMICS _cMANKIW.G.N |
||
| 942 |
_2udc _cBK |
||
| 999 |
_c59155 _d59155 |
||